MVPs da NBA desde 2000 - Statistics

Estatísticas Gerais
  • Esse quiz foi jogado 1 265 vezes
  • A pontuação média é 17 de 22
Estatísticas das Respostas
Ano Jogador % Correto
12-13 LeBron James
98%
11-12 LeBron James
98%
09-10 LeBron James
98%
08-09 LeBron James
98%
15-16 Stephen Curry
92%
14-15 Stephen Curry
92%
07-08 Kobe Bryant
88%
21-22 Nikola Jokic
84%
20-21 Nikola Jokic
84%
13-14 Kevin Durant
83%
17-18 James Harden
80%
19-20 Giannis Antetokounmpo
75%
18-19 Giannis Antetokounmpo
75%
02-03 Tim Duncan
68%
01-02 Tim Duncan
68%
16-17 Russell Westbrook
65%
10-11 Derrick Rose
63%
05-06 Steve Nash
57%
04-05 Steve Nash
57%
00-01 Allen Iverson
54%
06-07 Dirk Nowitzki
53%
03-04 Kevin Garnett
46%
Nenhum quiz correspondente encontrado
Distribuição das Pontuações
Porcentagem de Pessoas com Cada Pontuação
Percentil de Números Respondidos
Sua Pontuação Histórica
Você não jogou esse quiz